000 00835nam a2200205 a 4500
008 120416s1982 ||||||||||||||||| || u
020 _a0131189506
050 _aTS 155 Cas
100 _aMeier, Robert C
245 1 0 _aCases in production and operations management
246 _a[and others]
246 _aRobert C. Meier
260 _aEnglewood Cliffs, N.J. :
_bFT Prentice-Hall
_c1982
300 _axvi, 319p. : ill.
350 _a0.00
650 _aPRODUCTION
650 _aProduction management - Case studies
995 _aMAIN LIBRARY OPEN ACCESS
_D0.00
_e017568
_FCBU-MAIN LIBRARY (Kitwe)
_H2
_I27.80
_jTS 155 Cas
_UAVAILABLE
_y017568
_ZMain Library Open Access Collection
995 _aMAIN LIBRARY OPEN ACCESS
_D0.00
_e017569
_FCBU-MAIN LIBRARY (Kitwe)
_H1
_I27.80
_jTS 155 Cas
_UAVAILABLE
_y017569
_ZMain Library Open Access Collection
999 _c78078
_d78078